Proceedings (Record no. 481139)

000 -LEADER
fixed length control field 00625cam a22001577a 4500
008 - FIXED-LENGTH DATA ELEMENTS--GENERAL INFORMATION
fixed length control field 180718b1995 xxu||||| |||| 00| 0 eng d
082 ## - DEWEY DECIMAL CLASSIFICATION NUMBER
Classification number 4B301x54 L579
100 ## - MAIN ENTRY--PERSONAL NAME
Personal name Colloquium on Ombudsmen: India and the World Community (March, 1995: New Delhi)
245 ## - TITLE STATEMENT
Title Proceedings
Statement of responsibility, etc. edited by Norman Lewis and S.S. Singh
260 ## - PUBLICATION, DISTRIBUTION, ETC.
Place of publication, distribution, etc. New Delhi
Name of publisher, distributor, etc. Indian Institute of Public Administration
Date of publication, distribution, etc. 1995
300 ## - PHYSICAL DESCRIPTION
Extent 224p.
500 ## - GENERAL NOTE
General note The study was jointly organised by the British Council Division and the Indian Institute of Publlic Administration, New Delhi
650 ## - SUBJECT ADDED ENTRY--TOPICAL TERM
Topical term or geographic name entry element Ombudsman
700 ## - ADDED ENTRY--PERSONAL NAME
Personal name Singh, S.S.
700 ## - ADDED ENTRY--PERSONAL NAME
Personal name Lewis, Norman
Holdings
Withdrawn status Lost status Damaged status Not for loan Permanent Location Current Location Date acquired Full call number Barcode Date last seen Price effective from Koha item type
        Indian Institute of Public Administration Indian Institute of Public Administration 2018-08-04 4B301x54 L579 GR15809 2018-08-04 2018-08-04 GR
        Indian Institute of Public Administration Indian Institute of Public Administration 2018-08-04 4B301x54 L579 GR14167 2018-08-04 2018-08-04 GR
        Indian Institute of Public Administration Indian Institute of Public Administration 2018-08-04 4B301x54 L579 GR14140 2018-08-04 2018-08-04 GR
        Indian Institute of Public Administration Indian Institute of Public Administration 2018-08-04 4B301x54 L579 GR14139 2018-08-04 2018-08-04 GR
        Indian Institute of Public Administration Indian Institute of Public Administration 2018-08-04 4B301x54 L579 GR14138 2018-08-04 2018-08-04 GR
        Indian Institute of Public Administration Indian Institute of Public Administration 2018-08-04 4B301x54 L579 GR14070 2018-08-04 2018-08-04 GR
        Indian Institute of Public Administration Indian Institute of Public Administration 2018-08-04 4B301x54 L579 GR14069 2018-08-04 2018-08-04 GR

Powered by Koha